2016 US Gymnastics Teams - Statistics

General Stats
  • This quiz has been taken 106 times
  • The average score is 10 of 16
Answer Stats
Answer % Correct
Simone Biles
100%
Gabby Douglas
98%
Aly Raisman
97%
Madison Kocian
94%
Laurie Hernandez
91%
Mykayla Skinner
74%
Ragan Smith
66%
Sam Mikulak
62%
Ashton Locklear
61%
Danell Leyva
53%
Jake Dalton
43%
Alex Naddour
36%
Chris Brooks
34%
Donnell Whittenburg
34%
John Orozco
34%
Akash Modi
15%
No matching quizzes found
Score Distribution
Percent of People with Each Score
Percentile by Number Answered
Your Score History
You have not taken this quiz